| 000 | 00849nac a22002291u 4500 | ||
|---|---|---|---|
| 010 | _a2004300614 | ||
| 020 | _a0131015494 | ||
| 035 | _a(OCoLC)ocm54015746 | ||
| 082 | 0 | 0 |
_a005.8 _bR353 |
| 090 |
_c618 _d618 |
||
| 100 | _aReid, Paul. | ||
| 245 | 1 | 0 |
_aBiometrics for network security / _cPaul Reid. |
| 246 | 3 | 0 | _aNetwork security |
| 260 |
_aUpper Saddle River, NJ : _bPearson Education, _c2004. |
||
| 300 |
_axx, 252 p. : _bill. ; _c24 cm. |
||
| 504 | _aIncludes bibliographical references (p. 239-241) and index. | ||
| 650 | 0 | _aBiometric identification. | |
| 650 | 0 | _aComputer security. | |
| 650 | 0 |
_aComputer networks _xSecurity measures. |
|
| 942 |
_cBB _k005.8R353 |
||
| 999 |
_c618 _d618 |
||